[Event "GRE-chT 49th"]
[Site "Thessaloniki"]
[Date "2022.08.13"]
[Round "2.7"]
[White "Tsakonas, Konstantinos"]
[Black "Poupalos, Nikolaos"]
[Result "1/2-1/2"]
[WhiteElo "1741"]
[BlackElo "2020"]
[PlyCount "113"]
[EventDate "2022.08.12"]
[EventType "team-swiss"]
[EventRounds "7"]
[EventCountry "GRE"]
[SourceTitle "CBM 209 Extra"]
[Source "ChessBase"]
[SourceDate "2022.09.30"]
[SourceVersion "1"]
[SourceVersionDate "2022.09.30"]
[SourceQuality "1"]
[WhiteTeam "Thessaloniki Sach"]
[BlackTeam "Piraikos"]
[WhiteTeamCountry "GRE"]
[BlackTeamCountry "GRE"]

1. d4 Nf6 2. Nf3 d5 3. c4 e6 4. g3 h6 5. Bg2 Bd6 6. b3 0-0 7. 0-0 b6 8. Bb2 Bb7 9. Nbd2 c5 10. e3 Nbd7 11. Ne5 cxd4 12. exd4 Rc8 13. Rc1 Rc7 14. Rc2 Qa8 15. Nxd7 Nxd7 16. cxd5 Rxc2 17. Qxc2 Rc8 18. Qb1 Bxd5 19. Bxd5 Qxd5 20. Rc1 Rxc1+ 21. Qxc1 Nf6 22. Qc8+ Kh7 23. Qc2+ g6 24. Nf1 Qb7 25. Ne3 h5 26. h4 Qf3 27. Qd1 Qe4 28. Qc2 Qxc2 29. Nxc2 Nd5 30. Kg2 Kg7 31. f4 Kf6 32. Kf3 Ke7 33. a4 Kd7 34. Ba3 Bc7 35. Nb4 Nxb4 36. Bxb4 Kc6 37. Ke4 f5+ 38. Kd3 Kd5 39. Be1 Bd6 40. b4 a6 41. Bd2 Be7 42. Be1 Bf6 43. Bc3 Bg7 44. Bb2 b5 45. axb5 axb5 46. Ba1 Bf6 47. Bc3 Bh8 48. Ba1 Bg7 49. Bb2 Bf8 50. Bc3 Be7 51. Bd2 Bf6 52. Bc3 Bd8 53. Bb2 Bc7 54. Bc1 Bb8 55. Bd2 Ba7 56. Be3 Bb6 57. Bf2 1/2-1/2

[Event "EU-ch Amateur Online Final 1400/1700"]
[Site "Tornelo INT"]
[Date "2021.04.18"]
[Round "7"]
[White "Padevet, Pavel"]
[Black "Tsakonas, Konstantinos"]
[Result "1-0"]
[WhiteElo "1908"]
[BlackElo "1417"]
[PlyCount "87"]
[EventDate "2021.04.18"]
[EventType "swiss (rapid)"]
[EventRounds "9"]
[EventCountry "NET"]
[SourceTitle "EXT 2023"]
[Source "ChessBase"]
[SourceDate "2022.10.05"]
[SourceVersion "1"]
[SourceVersionDate "2022.10.05"]
[SourceQuality "1"]

1. e4 c5 2. Nf3 g6 3. d4 cxd4 4. Nxd4 Bg7 5. Be3 Nc6 6. Nc3 Nf6 7. Be2 0-0 8. Qd2 d5 9. f3 dxe4 10. Nxc6 Qxd2+ 11. Bxd2 bxc6 12. fxe4 Rb8 13. 0-0-0 Ng4 14. Rdf1 Rd8 15. h3 Nf6 16. Bc4 Be6 17. Bxe6 fxe6 18. b3 Nh5 19. Rf3 Rf8 20. Rhf1 Rxf3 21. Rxf3 Nf6 22. g4 Nd7 23. g5 Nc5 24. h4 Bxc3 25. Rxc3 Nxe4 26. Rxc6 Nxd2 27. Kxd2 Kf7 28. c4 Rd8+ 29. Kc3 Rd1 30. Rc7 Rh1 31. Rxa7 Rxh4 32. b4 e5 33. b5 Rh3+ 34. Kd2 e4 35. b6 Rh2+ 36. Ke3 Rb2 37. c5 Rb4 38. b7 Ke6 39. c6 Kd6 40. Ra8 Kc7 41. Rc8+ Kd6 42. b8Q+ Rxb8 43. Rxb8 Kxc6 44. Kxe4 1-0

[Event "EU-ch Amateur Online Final 1400/1700"]
[Site "Tornelo INT"]
[Date "2021.04.18"]
[Round "2"]
[White "Tsakonas, Konstantinos"]
[Black "Kazantzoglou, Stefanos"]
[Result "0-1"]
[WhiteElo "1417"]
[BlackElo "1645"]
[PlyCount "132"]
[EventDate "2021.04.18"]
[EventType "swiss (rapid)"]
[EventRounds "9"]
[EventCountry "NET"]
[SourceTitle "EXT 2023"]
[Source "ChessBase"]
[SourceDate "2022.10.05"]
[SourceVersion "1"]
[SourceVersionDate "2022.10.05"]
[SourceQuality "1"]

1. d4 c5 2. d5 d6 3. c4 e6 4. e4 Be7 5. Nc3 Nf6 6. Nf3 0-0 7. Be2 exd5 8. exd5 Bf5 9. 0-0 Bg6 10. Nh4 Nbd7 11. Nxg6 hxg6 12. b3 Re8 13. Bb2 a6 14. Re1 Rb8 15. a4 Ne5 16. f4 Ned7 17. Bf3 Qc7 18. Qc2 Bf8 19. Ne4 Nxe4 20. Bxe4 Re7 21. Bc3 Rbe8 22. Bf3 Rxe1+ 23. Rxe1 Rxe1+ 24. Bxe1 Nf6 25. Bc3 Qe7 26. Qd2 Ne4 27. Qe3 Nxc3 28. Qxc3 Qe8 29. g3 Be7 30. Kf2 Bf6 31. Qd3 Bd4+ 32. Kg2 Qe1 33. Qe4 Qd2+ 34. Kh3 Kf8 35. Qe2 Qc3 36. Qd1 a5 37. Be4 Qb4 38. Qc2 Qb6 39. Qd3 Qc7 40. f5 Qd7 41. g4 gxf5 42. Bxf5 Qe7 43. Qe4 Be5 44. Kg2 Qh4 45. Qf3 Qxh2+ 46. Kf1 Qh6 47. Ke2 Qc1 48. Be6 Qc2+ 49. Kf1 Bf6 50. Bf5 Qc1+ 51. Ke2 Bc3 52. Qd3 Qe1+ 53. Kf3 Qh1+ 54. Ke2 Qg2+ 55. Kd1 Be5 56. Qe2 Qg1+ 57. Kc2 Qa1 58. Qd3 Bf4 59. Qc3 Qc1+ 60. Kd3 Qd1+ 61. Ke4 Be5 62. Qd3 Qh1+ 63. Qf3 Qg1 64. Qe3 Qg2+ 65. Qf3 Qd2 66. Qd3 Qf4# 0-1

[Event "GRE-ch Online Blitz op 1st"]
[Site "Tornelo INT"]
[Date "2021.02.07"]
[Round "3"]
[White "Patrelakis, Evaggelos"]
[Black "Tsakonas, Konstantinos"]
[Result "1-0"]
[WhiteElo "1666"]
[BlackElo "1164"]
[PlyCount "67"]
[EventDate "2021.02.07"]
[EventType "swiss (blitz)"]
[EventRounds "16"]
[EventCountry "GRE"]
[SourceTitle "EXT 2023"]
[Source "ChessBase"]
[SourceDate "2022.10.05"]
[SourceVersion "1"]
[SourceVersionDate "2022.10.05"]
[SourceQuality "1"]

1. e4 e6 2. d4 d5 3. Nd2 a6 4. Ngf3 Nf6 5. Bd3 Be7 6. 0-0 dxe4 7. Nxe4 Nxe4 8. Bxe4 0-0 9. Bf4 Bd6 10. Ne5 Nd7 11. Qh5 f5 12. Bd3 Nxe5 13. dxe5 g6 14. Qf3 Be7 15. Rad1 Qe8 16. Bc4 Qf7 17. Bh6 Re8 18. Qe3 b5 19. Bb3 c5 20. c4 b4 21. Ba4 Rd8 22. Rxd8+ Bxd8 23. Qxc5 Be7 24. Qc6 Rb8 25. Qc7 Ra8 26. Bc6 Bb7 27. Qxb7 Rd8 28. Qxa6 Bf8 29. Bxf8 Qxf8 30. Bf3 Qe7 31. c5 Rd2 32. c6 Rxb2 33. Qc4 Kf7 34. c7 1-0

[Event "GRE-ch Online Blitz op 1st"]
[Site "Tornelo INT"]
[Date "2021.02.07"]
[Round "6"]
[White "Tsakonas, Konstantinos"]
[Black "Tzatzimakis, Theodoros"]
[Result "1-0"]
[WhiteElo "1164"]
[BlackElo "1008"]
[PlyCount "45"]
[EventDate "2021.02.07"]
[EventType "swiss (blitz)"]
[EventRounds "16"]
[EventCountry "GRE"]
[SourceTitle "EXT 2023"]
[Source "ChessBase"]
[SourceDate "2022.10.05"]
[SourceVersion "1"]
[SourceVersionDate "2022.10.05"]
[SourceQuality "1"]

1. b4 e5 2. Bb2 f6 3. b5 d5 4. e3 Be6 5. a4 Bd6 6. d4 Nd7 7. Nd2 c6 8. c4 Rb8 9. Ngf3 e4 10. Nh4 f5 11. g3 Ngf6 12. c5 Bc7 13. a5 b6 14. bxc6 Nf8 15. axb6 axb6 16. Ba3 bxc5 17. Bxc5 Bb6 18. Qc2 Bxc5 19. Qxc5 Rc8 20. Bh3 Bd7 21. cxd7+ N8xd7 22. Qa5 Qe7 23. Nxf5 1-0

[Event "GRE-ch Online Rapid op 1st"]
[Site "Tornelo INT"]
[Date "2021.02.06"]
[Round "6"]
[White "Tsakonas, Konstantinos"]
[Black "Lagaras, Stylianos"]
[Result "1/2-1/2"]
[WhiteElo "1291"]
[BlackElo "1675"]
[PlyCount "188"]
[EventDate "2021.02.06"]
[EventType "swiss (rapid)"]
[EventRounds "8"]
[EventCountry "GRE"]
[SourceTitle "EXT 2023"]
[Source "ChessBase"]
[SourceDate "2022.10.05"]
[SourceVersion "1"]
[SourceVersionDate "2022.10.05"]
[SourceQuality "1"]

1. d4 Nf6 2. c4 e6 3. Nf3 c5 4. g3 cxd4 5. Nxd4 Nc6 6. Bg2 Bb4+ 7. Bd2 Be7 8. Nxc6 bxc6 9. 0-0 d5 10. Nc3 0-0 11. Qa4 Bd7 12. Qc2 Qc7 13. Rac1 Rfc8 14. cxd5 cxd5 15. Qd3 Qb6 16. e4 d4 17. Ne2 Bb5 18. Qf3 e5 19. b3 Qa6 20. Rfe1 Qxa2 21. Bg5 h6 22. Bxf6 Bxf6 23. Bf1 Bg5 24. Rxc8+ Rxc8 25. Qf5 Re8 26. Nc1 Qa6 27. h4 Bd2 28. Rd1 Bxf1 29. Rxf1 d3 30. Qd7 Qc8 31. Qxc8 Rxc8 32. Nxd3 f6 33. Rd1 Ba5 34. Rc1 Rxc1+ 35. Nxc1 Kf7 36. Kf1 Ke6 37. Ke2 Kd6 38. Kd3 Bb6 39. Ke2 Kc5 40. Nd3+ Kd4 41. f3 Kc3 42. b4 Bd8 43. f4 exf4 44. gxf4 Kd4 45. e5 fxe5 46. Nxe5 Ke4 47. Nf7 Bxh4 48. Nd6+ Kxf4 49. Nb5 Be7 50. Nxa7 Bxb4 51. Nc6 Bc3 52. Ne7 Bf6 53. Nd5+ Kg3 54. Kf1 h5 55. Kg1 h4 56. Kh1 Bd4 57. Ne7 Kg4 58. Ng6 Kg5 59. Ne7 Bf6 60. Nd5 Kf5 61. Ne3+ Ke4 62. Ng4 Kf3 63. Nh2+ Kf4 64. Kg2 g5 65. Kh3 Bd8 66. Ng4 Ba5 67. Nh6 Be1 68. Ng4 Bg3 69. Nh6 Kf3 70. Ng4 Ke4 71. Nf6+ Kf5 72. Ng4 Kg6 73. Ne3 Kh5 74. Ng4 Bf4 75. Nf6+ Kg6 76. Ng4 Bc7 77. Nf2 Bb6 78. Ng4 Kf5 79. Nh6+ Kf4 80. Ng4 Bc5 81. Nh6 Bf8 82. Ng4 Bg7 83. Nh2 Bd4 84. Ng4 Kf3 85. Nh2+ Kf4 86. Ng4 Bg1 87. Nh6 Bc5 88. Ng4 Bd6 89. Nh6 Be5 90. Ng4 Bg7 91. Nf2 Kf3 92. Ng4 Ke2 93. Nh2 Ke3 94. Ng4+ Kf4 1/2-1/2